Merry Christmas From (Record n. 100370)

Dettagli MARC
000 -LEADER
fixed length control field 02204njm a2200361Ia 4500
001 - CONTROL NUMBER
control field 26612
003 - CONTROL NUMBER IDENTIFIER
control field IT-RoPAU
005 - DATE AND TIME OF LATEST TRANSACTION
control field 20220918181128.0
008 - FIXED-LENGTH DATA ELEMENTS--GENERAL INFORMATION
fixed length control field 131025s9999 xx 000 0 und d
040 ## - CATALOGING SOURCE
Original cataloging agency IT-RoPAU
040 ## - CATALOGING SOURCE
Transcribing agency IT-RoPAU
041 ## - LANGUAGE CODE
Language code of text/sound track or separate title INGLESE
999 ## - SYSTEM CONTROL NUMBERS (KOHA)
Koha Dewey Subclass [OBSOLETE] n.d.
100 ## - MAIN ENTRY--PERSONAL NAME
Personal name AA.VV.
9 (RLIN) 794
100 ## - MAIN ENTRY--PERSONAL NAME
Relator term Autore musica
9 (RLIN) 15888
100 ## - MAIN ENTRY--PERSONAL NAME
Miscellaneous information Codice autore musica SPICS: 12000
9 (RLIN) 796
245 ## - TITLE STATEMENT
Title Merry Christmas From
250 ## - EDITION STATEMENT
Edition statement 2a ed.
260 ## - PUBLICATION, DISTRIBUTION, ETC. (IMPRINT)
Place of publication, distribution, etc. ROMA
260 ## - PUBLICATION, DISTRIBUTION, ETC. (IMPRINT)
Name of publisher, distributor, etc. SPICS RECORDS
Date of publication, distribution, etc. 1985 [1a Ed.:1979]
300 ## - PHYSICAL DESCRIPTION
Extent MUSICASSETTA
500 ## - GENERAL NOTE
General note Musica natalizia. Canzoni natalizie. Arrangiamento
505 ## - FORMATTED CONTENTS NOTE
Formatted contents note * Silent Night (Ella Fitzgerald) - Adeste Fideles (Nat King Cole) - Let It Snow! Let It Snow! Let It Snow! (Dean Martin) - Have Yourself A Merry Little Christmas (Jackie Gleason) - I Like A Sleighride (Peggy Lee) - I'll Be Home For Christmas (The Beach Boys) - Christmas Dinner Country Style (Bing Crosby) - O Holy Night (Nat King Cole) - Littke Drummer Boy (Jo Stafford) - White Christmas (Dean Martin) - O Little Town of Bethlehem (Ella Fitzgerald) - Do You Hear What I Hear? (Bing Crosby) - Santa Claus Is Comin'g To Town (The Beach Boys) - The First Noel (Ella Fitzgerald) - The Christmas Waltz (Peggy Lee)
650 ## - SUBJECT ADDED ENTRY--TOPICAL TERM
Topical term or geographic name as entry element ARRANGIAMENTO [CASSETTE]
Relator term Codice MATERIA SPICS: 9951
9 (RLIN) 15889
700 ## - ADDED ENTRY--PERSONAL NAME
Personal name Cole Nat King
Dates associated with a name Codice autore musica SPICS: 16161
Relator term Autore musica
Name of part/section of a work O Holy Night - Adeste fideles
9 (RLIN) 15890
700 ## - ADDED ENTRY--PERSONAL NAME
Personal name Martin Dean
Dates associated with a name Codice autore musica SPICS: 28543
Relator term Autore musica
Name of part/section of a work White Christmas - Let It Snow! Let It Snow! Let It Snow
9 (RLIN) 15891
700 ## - ADDED ENTRY--PERSONAL NAME
Personal name Fitzgerald Ella
Dates associated with a name Codice autore musica SPICS: 10784
Relator term Autore musica
Name of part/section of a work O Little Town of Bethlehem - Silent Night
9 (RLIN) 15892
700 ## - ADDED ENTRY--PERSONAL NAME
Personal name Jackie Gleason
Dates associated with a name Codice autore musica SPICS: 34618
Relator term Autore musica
Name of part/section of a work Have Yourself A Merry Little Christmas
9 (RLIN) 15893
700 ## - ADDED ENTRY--PERSONAL NAME
Personal name Lee Peggy
Dates associated with a name Codice autore musica SPICS: 27554
Relator term Autore musica
Name of part/section of a work I Like A Sleighride
9 (RLIN) 15894
700 ## - ADDED ENTRY--PERSONAL NAME
Personal name The Beach Boys
Dates associated with a name Codice autore musica SPICS: 34619
Relator term Autore musica
Name of part/section of a work I'll Be Home For Christmas
9 (RLIN) 15895
700 ## - ADDED ENTRY--PERSONAL NAME
Personal name Crosby Bing
Dates associated with a name Codice autore musica SPICS: 16409
Relator term Autore musica
Name of part/section of a work Christmas Dinner Country Style
9 (RLIN) 15896
942 ## - ADDED ENTRY ELEMENTS (KOHA)
Koha item type MUSICASSETTE
Source of classification or shelving scheme Dewey Decimal Classification
Dati di copia
Withdrawn status Lost status Damaged status Not for loan Home library Current library Date acquired Total Checkouts Full call number Date last seen Price effective from Koha item type Public note
    Buone Condizioni Not For Loan SPICS-MEDIATECA SPICS-MEDIATECA 25/10/2013   26612 25/10/2013 25/10/2013 MUSICASSETTE Progr. Ins.: 3751 / N.Vol.: n.d. / Copie: 1 - Copia rara: n.d. / date import: 01.01.2014 - By Epidotti, Trombetti, Vaglietti
CREDITS: SOCIETA' SAN PAOLO Via A.Severo, 58 - ROMA (RM) & PERIODICI SAN PAOLO SRL Via Giotto, 36 MILANO & CISF Via Giotto, 36 MILANO & EDIZIONI SAN PAOLO SRL,  Piazza Soncino, 5 CINISELLO BALSAMO (MI) -- ITALY